00623nam a22001577a 4500999001900000020001600019082001000035100001500045245012300060260003700183300003100220942001300251650004000264700003700304952012400341 c534160d534160 qHard Cover. a620.5 aArif, Asim aPhysiochemical Studies of Metal Doped ZnO Nanostructures and their Antibacterial Activity Investigations /cAsim Arif. aIslamabad :bSCME - NUST,c2016. axii, 78 p. ; ill. ;c30cm. 2ddccTHE aNanoscience and Engineering.928310 aDr. Muhammad Israr Qadir.928311 00102ddc406620_500000000000000709495839aCLbCLcTHEd2020-02-05l0o620.5pCL-T-4968r2020-02-05w2020-02-05yTHE